000 01016nam a2200133Ia 4500
008 220615s9999||||xx |||||||||||||| ||und||
020 _a9783040000000
245 0 _aTraining Load, Well-Being, and Readiness
_bReducing Injury Risk and Improving Sports Performance
546 _aEnglish[eng]
650 _acyclist||myometry||stiffness||incremental cycling test||football||athletic performance||match analysis||sports training||GPS||high-intensity running||acute/chronic workload ratio||high-speed running||in-season||non-starters||RPE||soccer||starters||training monotony||training strain||biomechanics||heel strike||ankle||gait change||gastrocnemius muscle stiffness||anabolic steroids||gym members||male||gym||abuse||resistance exercise||blood flow restriction||blood flow restriction exercise||injury experience||jump inside kick||static muscle contractility||dynamic muscle contractility||ankle plantarflexor
700 _aClemente, Filipe Manuel
856 _uhttps://mdpi.com/books/pdfview/book/5321
942 _cEB
999 _c9717
_d9717